| 000 | 00527nam a2200169 a 4500 | ||
|---|---|---|---|
| 005 | 20140412111323.0 | ||
| 008 | 001113s19uu xx 00 eng d | ||
| 020 | _a971-36-0595-0 | ||
| 050 |
_aFil 398.2 _bC987 1998 |
||
| 100 | _aCustodio, R. M. | ||
| 245 |
_aAng aming tister : _ckuwento ni R. M. Custodio ; guhit ni El Ortizlus. _bkuwentong pambata / |
||
| 260 |
_aValenzuela, MM : _bS. G. E. Printers, _c1996. |
||
| 300 | _a36 p. ; ill. | ||
| 650 | _aTeacher -- Stories | ||
| 650 | _aTeacher -- Fiction | ||
| 999 |
_c104478 _d104478 |
||